000 00713nam a2200253Ia 4500
003 OSt
005 20221006142555.0
006 a|||||r|||| 00| 0
007 ta
008 221006b |||||||| |||| 00| 0 eng d
020 _c404.62
024 _a6,632
037 _cTextual
040 _aEASL
_cEASL
_beng
041 _2eng
_aeng
082 _aY:5.4445.M83, M8
100 _aLevine Nancy E.
245 0 _aDynamics of polyandry
_b Kinship, domesticity, and population on the Tibetan border
260 _aChicago
_bUniversity of Chicago Press
_c1988
300 _a309p.
_ccm.
490 _v Oth
942 _hY:5.4445.M83, M8
_cTEXL
_2CC
999 _c1074718
_d1074718